ग म भ न. (Record no. 280810)

MARC details
000 -LEADER
fixed length control field 00555nam a2200181Ia 4500
008 - FIXED-LENGTH DATA ELEMENTS--GENERAL INFORMATION
fixed length control field 090630s9999 xx 000 0 und d
082 ## - DEWEY DECIMAL CLASSIFICATION NUMBER
Item number 28954
100 ## - MAIN ENTRY--PERSONAL NAME
Personal name खटावकर सुरेश.
245 ## - TITLE STATEMENT
Title ग म भ न.
Statement of responsibility, etc खटावकर सुरेश.
260 ## - PUBLICATION, DISTRIBUTION, ETC. (IMPRINT)
Name of publisher, distributor, etc यशोदा - रत्नागिरी.
300 ## - PHYSICAL DESCRIPTION
Extent 189
600 ## - SUBJECT ADDED ENTRY--PERSONAL NAME
Personal name खटावकर सुरेश.
630 ## - SUBJECT ADDED ENTRY--UNIFORM TITLE
Uniform title ग म भ न.
655 ## - INDEX TERM--GENRE/FORM
Genre/form data or focus term इतर.
700 ## - ADDED ENTRY--PERSONAL NAME
Personal name खटावकर सुरेश.
730 ## - ADDED ENTRY--UNIFORM TITLE
Uniform title ग म भ न.
942 ## - ADDED ENTRY ELEMENTS (KOHA)
Koha item type Book
Holdings
Withdrawn status Lost status Damaged status Not for loan Home library Current library Date acquired Cost, normal purchase price Total Checkouts Full call number Barcode Date last seen Cost, replacement price Price effective from Koha item type
        Sarvajanik Wachanalaya Shrivardhan Sarvajanik Wachanalaya Shrivardhan   180.00   28954 SAWASHRI-28954 06/30/2009 180.00 06/30/2009 Book